The Marauders (all the young dudes) - Statistics

General Stats
  • This quiz has been taken 1,921 times
  • The average score is 17 of 35
Answer Stats
Hint Answer % Correct
What is Remus' nickname? moony
99%
What is Sirius' nickname? padfoot
99%
what is james' nickname? prongs
98%
what is peter's nickname? wormtail
98%
what house were all the marauders sorted into? Gryffindor
82%
What is james' animagus? a stag
81%
who was the first marauder that Remus saw? Sirius Black
76%
Who gives Remus a spell to help him read? Sirius Black
76%
Who is deeply in love with Lily? James Potter
74%
Mum freind? James Potter
74%
who did the map originally belong to? Remus Lupin
69%
Who came up with the clocktower prank? Remus Lupin
69%
Finish the quote: "Anything for_________" Our moony
68%
who won the great snogging race? Peter Pettigrew
63%
Who gives Remus a sheet to help him read? Lily Evans
60%
Who did remus spend his 12 years with? Grant Chapman
58%
Who was remus' first kiss? Grant Chappman
58%
Snape's nickname by the marauders? Snivellus
57%
Who was the first girl that Remus got with? Mary Mcdonald
54%
What year did the Marauders find out Remus was a warewolf? second year
52%
Finish the quote: "Tell me a secret,__________" a nice one
42%
What is another nickname for sirius other than padfoot? Snuffles
33%
What is the name of Remus' father? Lyal Lupin
31%
When does Wolfstar have their first kiss? Remus' birthday
25%
How does James' parents die? Dragonpox
24%
Who was the first prank by the marauders aimed at? The Slytherins
22%
Remus' first crush David Bowie
18%
when does Remus come out? summer 1977
17%
What does Remus' mother die of? Lung cancer
15%
What are the last words spoken in ATYD? love
13%
Where is the flat that Remus and Sirus move into? Soho
12%
Who had a crush on remus in the year below him? Christopher Barley
10%
where was Remus during the events of Halloween 1981? Germany
9%
In what order does the marauders' names appear on the map? moony wormtial padfoot prongs
2%
What is Remus wearing on the trian to hogwarts during fourth year? Steel toed boots.
2%
No matching quizzes found
Score Distribution
Percent of People with Each Score
Percentile by Number Answered
Your Score History
You have not taken this quiz